[Event "Pan American Intercollegiate-chT"]
[Site "Charlotte"]
[Date "2025.01.02"]
[Round "1.3"]
[White "Xu, Jonathan"]
[Black "Budisavljevic, Luka"]
[Result "0-1"]
[WhiteElo "1917"]
[BlackElo "2501"]
[PlyCount "80"]
[EventDate "2025.01.02"]
[EventType "team-swiss"]
[EventRounds "6"]
[EventCountry "USA"]
[SourceTitle "CB02_2025"]
[SourceDate "2025.01.08"]
[SourceVersion "1"]
[SourceVersionDate "2025.01.08"]
[SourceQuality "1"]
[WhiteTeam "Beown Univ"]
[BlackTeam "Missouri Univ"]
[WhiteTeamCountry "USA"]
[BlackTeamCountry "USA"]

1. e4 c5 2. Nf3 e6 3. d4 cxd4 4. Nxd4 a6 5. Bd3 Bc5 6. Nb3 Ba7 7. 0-0 Ne7 8. Bf4 d5 9. N1d2 Nbc6 10. a3 Ng6 11. Bg3 dxe4 12. Bxe4 f5 13. Bxc6+ bxc6 14. Nf3 Qxd1 15. Raxd1 f4 16. Bh4 0-0 17. Na5 e5 18. Nxc6 Bg4 19. Nfxe5 Nxe5 20. Nxe5 Bxd1 21. Rxd1 Rfe8 22. Nc6 Re2 23. Rc1 h6 24. Nxa7 Rxa7 25. Kf1 Rd2 26. Ke1 Rd5 27. f3 Rb7 28. b4 a5 29. Rb1 Re5+ 30. Kf1 Re3 31. Be1 Rxa3 32. b5 a4 33. c4 Rb3 34. Rxb3 axb3 35. Bc3 Rc7 36. b6 Rc6 37. Ke2 Rxb6 38. Bb2 Rd6 39. c5 Rc6 40. Bd4 Rxc5 0-1